<?xml version="1.0" encoding="UTF-8"?>
<record
    xmlns:xsi="http://www.w3.org/2001/XMLSchema-instance"
    xsi:schemaLocation="http://www.loc.gov/MARC21/slim http://www.loc.gov/standards/marcxml/schema/MARC21slim.xsd"
    xmlns="http://www.loc.gov/MARC21/slim">

  <leader>01641    a2200253   4500</leader>
  <datafield tag="999" ind1=" " ind2=" ">
    <subfield code="c">185965</subfield>
    <subfield code="d">185965</subfield>
  </datafield>
  <controlfield tag="003">NUST</controlfield>
  <controlfield tag="005">20171120143832.0</controlfield>
  <controlfield tag="008">171120b        xxu||||| |||| 00| 0 eng d</controlfield>
  <datafield tag="010" ind1=" " ind2=" ">
    <subfield code="a">   91053197</subfield>
  </datafield>
  <datafield tag="020" ind1=" " ind2=" ">
    <subfield code="a">0679405879 :</subfield>
  </datafield>
  <datafield tag="040" ind1=" " ind2=" ">
    <subfield code="c">0</subfield>
  </datafield>
  <datafield tag="082" ind1="0" ind2="0">
    <subfield code="a">823.8 TRO</subfield>
  </datafield>
  <datafield tag="100" ind1="1" ind2=" ">
    <subfield code="a">Trollope, Anthony,</subfield>
    <subfield code="9">982</subfield>
  </datafield>
  <datafield tag="245" ind1="1" ind2="0">
    <subfield code="a">Barchester Towers /</subfield>
    <subfield code="c">Anthony Trollope.</subfield>
  </datafield>
  <datafield tag="260" ind1=" " ind2=" ">
    <subfield code="a">Islamabad:</subfield>
    <subfield code="b">NBF :</subfield>
    <subfield code="c">1992.</subfield>
  </datafield>
  <datafield tag="300" ind1=" " ind2=" ">
    <subfield code="a">477p. ;</subfield>
    <subfield code="c">21 cm.</subfield>
  </datafield>
  <datafield tag="490" ind1="0" ind2=" ">
    <subfield code="a">Everyman's library ;</subfield>
    <subfield code="v">57</subfield>
  </datafield>
  <datafield tag="500" ind1=" " ind2=" ">
    <subfield code="a">H.B</subfield>
  </datafield>
  <datafield tag="505" ind1=" " ind2=" ">
    <subfield code="a">How Will Be The New Bishop? (Page-7),Hirams Hospital According (Page-15), Dr And Mrs Proudie(Page-21), The Bishops Chaplain (Page-27), The Morning Visit (Page-33),War (Page-41),The Dean And Chapter Take Counsel (Page-52),  The Ex-Warden Rejoices In His Probable(Page-57), The Stanhope Family(Page-64),Mr. Slope Manages Matters Very Cleverly (Page-204),Fourteen Arguments In Favors (Page-214), Mrs. Proudie Wrestles And Gets A Fall(Page-222),A Live Scene  (Page-231),Mrs. Bold In Entertained (Page-245), A Serious Interview  (Page-258),Another Love Scene (Page-266), Mrs. Bold At Home(Page-404),The Stanhope At Home (Page-412), Mr. Slope Parting  Interview(Page-422),The Dean Elect  (Page-430), Mr. Slope Bids Farewell  On The Palace (Page-460),  The New Dean Takes Passions(Page-466),Conclusion  (Page-474).</subfield>
  </datafield>
  <datafield tag="538" ind1=" " ind2=" ">
    <subfield code="a">Almirah No.58 Shelf No.6</subfield>
  </datafield>
  <datafield tag="650" ind1=" " ind2="0">
    <subfield code="a">Barsetshire (England : Imaginary place)</subfield>
    <subfield code="x">Fiction.</subfield>
    <subfield code="9">983</subfield>
  </datafield>
  <datafield tag="650" ind1=" " ind2="0">
    <subfield code="a">Clergy</subfield>
    <subfield code="x">Fiction.</subfield>
    <subfield code="9">6573</subfield>
  </datafield>
  <datafield tag="655" ind1=" " ind2="7">
    <subfield code="a">Domestic fiction.</subfield>
    <subfield code="9">4525</subfield>
  </datafield>
  <datafield tag="856" ind1="4" ind2="2">
    <subfield code="3">Contributor biographical information</subfield>
    <subfield code="u">http://www.loc.gov/catdir/bios/random056/91053197.html</subfield>
  </datafield>
  <datafield tag="856" ind1="4" ind2="2">
    <subfield code="3">Publisher description</subfield>
    <subfield code="u">http://www.loc.gov/catdir/description/random0410/91053197.html</subfield>
  </datafield>
  <datafield tag="942" ind1=" " ind2=" ">
    <subfield code="2">ddc</subfield>
    <subfield code="c">BK</subfield>
    <subfield code="k">IESE</subfield>
  </datafield>
  <datafield tag="952" ind1=" " ind2=" ">
    <subfield code="0">0</subfield>
    <subfield code="1">0</subfield>
    <subfield code="2">ddc</subfield>
    <subfield code="4">0</subfield>
    <subfield code="7">0</subfield>
    <subfield code="8">FIC</subfield>
    <subfield code="a">IESE</subfield>
    <subfield code="b">IESE</subfield>
    <subfield code="c">FIC</subfield>
    <subfield code="d">2017-11-20</subfield>
    <subfield code="l">0</subfield>
    <subfield code="o">823.8 TRO</subfield>
    <subfield code="p">IESE-1468</subfield>
    <subfield code="r">2017-11-20</subfield>
    <subfield code="w">2017-11-20</subfield>
    <subfield code="y">BK</subfield>
  </datafield>
</record>
